000 00446nam a22001817a 4500
003 MPLRDC
005 20220104114037.0
008 210129b ||||| |||| 00| 0 eng d
020 _a983-820-068-9
082 _a848.1 ZZQ-11
100 _a朱自清著
245 _a朱自清
_c
260 _a
_b联营出版有限公司
_c1994
300 _b
490 _a现代中国文学系列;7
650 _a现代别集
942 _cBK
_o848.1 ZZQ-11
999 _c4367
_d4357